Using industrial-organizational psychology for the greater good : (Record no. 48702)
[ view plain ]
| 000 -LEADER | |
|---|---|
| fixed length control field | 00776nam a2200205Ia 4500 |
| 008 - FIXED-LENGTH DATA ELEMENTS--GENERAL INFORMATION | |
| fixed length control field | 140321s9999 xx 000 0 und d |
| 020 ## - INTERNATIONAL STANDARD BOOK NUMBER | |
| International Standard Book Number | 9781848729605 |
| 050 ## - LIBRARY OF CONGRESS CALL NUMBER | |
| Classification number | HD 60 |
| Item number | .Us85 2013 |
| 245 ## - TITLE STATEMENT | |
| Title | Using industrial-organizational psychology for the greater good : |
| Remainder of title | helping those who help others / |
| Statement of responsibility, etc | edited by : Julie Olson-Buchanan, Laura Koppes Bryan and Lori Foster Thompson. |
| 260 ## - PUBLICATION, DISTRIBUTION, ETC. (IMPRINT) | |
| Place of publication, distribution, etc | New York : |
| Name of publisher, distributor, etc | Brunner-Routledge, |
| Date of publication, distribution, etc | c2013. |
| 300 ## - PHYSICAL DESCRIPTION | |
| Extent | 597 p. : |
| Dimensions | 24 cm. |
| 440 ## - SERIES STATEMENT/ADDED ENTRY--TITLE | |
| Title | (SIOP organizational frontiers series). |
| 500 ## - GENERAL NOTE | |
| General note | Includes bibliographical references and indexes. |
| 521 ## - TARGET AUDIENCE NOTE | |
| Target audience note | |
| 650 ## - SUBJECT ADDED ENTRY--TOPICAL TERM | |
| Topical term or geographic name as entry element | Organizational behavior. |
| 650 ## - SUBJECT ADDED ENTRY--TOPICAL TERM | |
| Topical term or geographic name as entry element | Psychology, idustrial. |
| 650 ## - SUBJECT ADDED ENTRY--TOPICAL TERM | |
| Topical term or geographic name as entry element | Social responsibility of business. |
| 942 ## - ADDED ENTRY ELEMENTS (KOHA) | |
| Call number prefix | Foreign |
| Koha item type | Books |
| Withdrawn status | Lost status | Damaged status | Home library | Current library | Shelving location | Date acquired | Total Checkouts | Total Renewals | Full call number | Barcode | Date last seen | Date checked out | Price effective from | Koha item type |
|---|---|---|---|---|---|---|---|---|---|---|---|---|---|---|
| College Library | College Library | Reserve Section | 03/21/2014 | 2 | 1 | HD 60 .Us85 2013 | C17985 | 01/10/2019 | 05/15/2017 | 03/21/2014 | Books |